000 00277nam a22001097a 4500
008 160418b xxu||||| |||| 00| 0 eng d
020 _a0721691412
041 _aeng
080 _a618..2
245 _aFundamentals of Nursing:
_cHelen Harkreader;Mary Ann Hoggan;
942 _2udc
_cBK
999 _c1420
_d1420